[Event "BCF-chT2b 1920 (4NCL)"]
[Site "Daventry"]
[Date "2020.02.08"]
[Round "5.86"]
[White "Cumbers, Paul"]
[Black "Lyth, John D"]
[Result "1/2-1/2"]
[WhiteElo "2087"]
[BlackElo "1940"]
[PlyCount "101"]
[EventDate "2020.01.11"]
[EventType "team-tourn"]
[EventRounds "11"]
[EventCountry "ENG"]
[SourceTitle "CBM 194 Extra"]
[Source "ChessBase"]
[SourceDate "2020.03.31"]
[SourceVersion "1"]
[SourceVersionDate "2020.03.31"]
[SourceQuality "1"]
[WhiteTeam "Grantham Sharks II"]
[BlackTeam "Manchester Manticores"]
[WhiteTeamCountry "ENG"]
[BlackTeamCountry "ENG"]

1. e4 e5 2. Bc4 Nc6 3. Nf3 Be7 4. 0-0 Nf6 5. d3 0-0 6. Re1 d6 7. a4 Kh8 8. h3 Ng8 9. Nc3 f5 10. Nd5 Bf6 11. b4 Nce7 12. Bb2 Nxd5 13. Bxd5 Ne7 14. Bb3 Qe8 15. d4 fxe4 16. dxe5 dxe5 17. Nxe5 Nc6 18. f4 Nxe5 19. fxe5 Bxe5 20. Rxe4 Bh2+ 21. Kxh2 Qxe4 22. Qd2 Bf5 23. Re1 Qc6 24. Re7 Rg8 25. Qd4 Qd6+ 26. Qxd6 cxd6 27. Rxb7 Be4 28. Rd7 d5 29. Bxd5 Bxd5 30. Rxd5 Rgd8 31. Rxd8+ Rxd8 32. Be5 Rc8 33. c3 a6 34. Kg3 Kg8 35. Kf3 Kf7 36. Ke4 Ke6 37. Bd4 g6 38. Bc5 Rc6 39. Kd4 Kd7 40. b5 axb5 41. axb5 Rf6 42. Kc4 h5 43. Bd4 Rf5 44. Be3 Re5 45. Kd4 Rxb5 46. h4 Rb2 47. g3 Rb5 48. Bf4 Rf5 49. Ke4 Rc5 50. Kd4 Rf5 51. Ke4 1/2-1/2

[Event "BCF-chT2 1819 (4NCL) Demotion"]
[Site "England"]
[Date "2019.03.17"]
[Round "8.84"]
[White "Ther, Mate T"]
[Black "Cumbers, Paul"]
[Result "1-0"]
[WhiteElo "2012"]
[BlackElo "2100"]
[PlyCount "87"]
[EventDate "2018.11.10"]
[EventType "team-tourn"]
[EventRounds "11"]
[EventCountry "ENG"]
[SourceTitle "EXT 2021"]
[Source "ChessBase"]
[SourceDate "2020.10.23"]
[SourceVersion "1"]
[SourceVersionDate "2020.10.23"]
[SourceQuality "1"]
[WhiteTeam "Bradford DCA Knights"]
[BlackTeam "Grantham Sharks II"]
[WhiteTeamCountry "ENG"]
[BlackTeamCountry "ENG"]

1. e4 e6 2. d4 d5 3. e5 c5 4. c3 Nc6 5. Nf3 Qb6 6. a3 f6 7. b4 fxe5 8. dxe5 Qc7 9. Bf4 Nh6 10. Bd3 Nf7 11. 0-0 Be7 12. Re1 g5 13. Bg3 h5 14. h3 h4 15. Bh2 Bd7 16. Bg6 Rh6 17. Qc2 Kf8 18. Nbd2 Nh8 19. Bd3 c4 20. Be2 Kg7 21. Nf1 Nf7 22. Ne3 Qb6 23. Ng4 Rg6 24. Qd2 a5 25. Reb1 axb4 26. axb4 Rxa1 27. Rxa1 Na7 28. Bxc4 Bb5 29. Bxb5 Nxb5 30. Qd3 Qc6 31. Rc1 Qb6 32. Kf1 Na3 33. Nd2 Qc6 34. Ra1 Nc4 35. Nxc4 dxc4 36. Qe2 Qd5 37. Ne3 Qd7 38. Qxc4 Nh6 39. Rd1 Qa4 40. Qc7 Kf8 41. Qxb7 g4 42. hxg4 Nxg4 43. Qf3+ Rf6 44. Qxg4 1-0

[Event "BCF-chT1d 1516 (4NCL) Demotion pool"]
[Site "England"]
[Date "2016.03.20"]
[Round "8.176"]
[White "Jackson, Sheila"]
[Black "Cumbers, Paul"]
[Result "1-0"]
[WhiteElo "2148"]
[BlackElo "2170"]
[PlyCount "97"]
[EventDate "2015.11.14"]
[EventType "team-tourn"]
[EventRounds "4"]
[EventCountry "ENG"]
[SourceTitle "CBM 171 Extra"]
[Source "ChessBase"]
[SourceDate "2016.04.26"]
[SourceVersion "1"]
[SourceVersionDate "2016.04.26"]
[SourceQuality "1"]
[WhiteTeam "Spirit of Atticus"]
[BlackTeam "Grantham Sharks"]
[WhiteTeamCountry "ENG"]
[BlackTeamCountry "ENG"]

1. e4 e6 2. d4 d5 3. Nd2 Nf6 4. e5 Nfd7 5. Bd3 c5 6. c3 Nc6 7. Ne2 cxd4 8. cxd4 f6 9. exf6 Nxf6 10. Nf3 Bd6 11. Bf4 Bxf4 12. Nxf4 0-0 13. 0-0 Qd6 14. Ne2 e5 15. dxe5 Nxe5 16. Nxe5 Qxe5 17. Qc2 Be6 18. Qc3 Qxc3 19. Nxc3 a6 20. Rae1 Rae8 21. a3 Nd7 22. f4 Nc5 23. Bb1 d4 24. Ne4 Nxe4 25. Rxe4 Bc4 26. Rd1 Rxe4 27. Bxe4 Rxf4 28. Bxb7 Be2 29. Bd5+ Kf8 30. g3 Bxd1 31. gxf4 Be2 32. Kf2 Bd3 33. Kf3 h6 34. Be4 Bf1 35. Bb1 Ke7 36. Ke4 Kd6 37. Kxd4 Bg2 38. b4 Bh3 39. Bd3 Bc8 40. h4 Bb7 41. a4 Bc8 42. a5 Bb7 43. b5 axb5 44. Bxb5 Bc8 45. Bd3 Bd7 46. a6 Kc7 47. Ke5 Bc8 48. a7 Kb7 49. Ba6+ 1-0

[Event "BCF-chT2a 1516 (4NCL)"]
[Site "England"]
[Date "2016.03.19"]
[Round "7.242"]
[White "Cumbers, Paul"]
[Black "Guthrie, David"]
[Result "1/2-1/2"]
[WhiteElo "2188"]
[BlackElo "2189"]
[PlyCount "45"]
[EventDate "2015.11.14"]
[EventType "team-tourn"]
[EventRounds "7"]
[EventCountry "ENG"]
[SourceTitle "EXT 2017"]
[Source "ChessBase"]
[SourceDate "2016.10.25"]
[SourceVersion "1"]
[SourceVersionDate "2016.10.25"]
[SourceQuality "1"]
[WhiteTeam "Grantham Sharks II"]
[BlackTeam "Kings Head"]
[WhiteTeamCountry "ENG"]
[BlackTeamCountry "ENG"]

1. d4 Nf6 2. c4 e6 3. Nc3 Bb4 4. f3 c5 5. d5 0-0 6. e4 d6 7. Nge2 a6 8. Bd2 Re8 9. Ng3 b5 10. Be2 Nbd7 11. dxe6 fxe6 12. cxb5 d5 13. bxa6 Bxa6 14. Bxa6 Rxa6 15. 0-0 Ne5 16. Bf4 Bxc3 17. bxc3 Nc4 18. Qe2 Ra3 19. Bg5 Rxc3 20. Rac1 Rxc1 21. Rxc1 Qb8 22. Bxf6 gxf6 23. Qd3 1/2-1/2

[Event "BCF-chT2a 1516 (4NCL)"]
[Site "England"]
[Date "2016.01.23"]
[Round "3.231"]
[White "Ross, Chris Neil"]
[Black "Cumbers, Paul"]
[Result "1/2-1/2"]
[WhiteElo "2206"]
[BlackElo "2188"]
[PlyCount "59"]
[EventDate "2015.11.14"]
[EventType "team-tourn"]
[EventRounds "7"]
[EventCountry "ENG"]
[SourceTitle "CBM 170 Extra"]
[Source "ChessBase"]
[SourceDate "2016.02.25"]
[SourceVersion "1"]
[SourceVersionDate "2016.02.25"]
[SourceQuality "1"]
[WhiteTeam "MK Phoenix"]
[BlackTeam "Grantham Sharks II"]
[WhiteTeamCountry "ENG"]
[BlackTeamCountry "ENG"]

1. d4 Nf6 2. c4 c5 3. d5 e6 4. Nc3 exd5 5. cxd5 d6 6. Nf3 g6 7. Qa4+ Bd7 8. Qb3 Qc7 9. e4 Bg7 10. Bd3 0-0 11. 0-0 Nh5 12. Be3 Na6 13. Rac1 Rae8 14. Rfe1 Qb8 15. Nd2 Nc7 16. a4 Re7 17. Nc4 Na6 18. Bb1 Nb4 19. f3 f5 20. exf5 gxf5 21. Na2 Nxa2 22. Qxa2 Rfe8 23. Kf1 b5 24. axb5 Bxb5 25. Bd2 Rxe1+ 26. Rxe1 Rxe1+ 27. Kxe1 Bxc4 28. Qxc4 Qxb2 29. Bxf5 Qd4 30. Qxd4 1/2-1/2

[Event "BCF-chT2b 1415 (4NCL)"]
[Site "England"]
[Date "2015.01.10"]
[Round "3.29"]
[White "Jackson, Sheila"]
[Black "Cumbers, Paul"]
[Result "0-1"]
[WhiteElo "2134"]
[BlackElo "2164"]
[PlyCount "82"]
[EventDate "2014.11.15"]
[EventType "team-tourn"]
[EventRounds "7"]
[EventCountry "ENG"]
[SourceTitle "EXT 2016"]
[Source "ChessBase"]
[SourceDate "2015.10.08"]
[SourceVersion "1"]
[SourceVersionDate "2015.10.08"]
[SourceQuality "1"]
[WhiteTeam "Spirit of Atticus"]
[BlackTeam "Grantham Sharks II"]
[WhiteTeamCountry "ENG"]
[BlackTeamCountry "ENG"]

1. e4 e6 2. d4 d5 3. Nd2 Nf6 4. e5 Nfd7 5. Bd3 c5 6. c3 Nc6 7. Ne2 cxd4 8. cxd4 f6 9. exf6 Nxf6 10. Nf3 Bd6 11. 0-0 Qc7 12. Nc3 a6 13. Bg5 0-0 14. Bh4 Nh5 15. Re1 g6 16. a3 Rxf3 17. Qxf3 Nxd4 18. Qd1 Bxh2+ 19. Kh1 Be5 20. Rc1 Qg7 21. Bg5 Bd7 22. Kg1 Rf8 23. Be3 Qf6 24. Qg4 Nf4 25. Bxf4 Qxf4 26. Qxf4 Bxf4 27. Rcd1 Nf5 28. g3 Bb8 29. Kg2 Ba7 30. Bxf5 Rxf5 31. f3 g5 32. g4 Rf7 33. Ne2 Kg7 34. Nd4 Kf6 35. Ne2 Ba4 36. Rc1 Bc6 37. Ng3 e5 38. Nf5 h5 39. Ne3 Bxe3 40. Rxe3 hxg4 41. fxg4 d4+ 0-1

[Event "GBR-ch Major 98th"]
[Site "Sheffield"]
[Date "2011.07.30"]
[Round "6"]
[White "Taylor, William J"]
[Black "Cumbers, Paul"]
[Result "1/2-1/2"]
[WhiteElo "1816"]
[BlackElo "2166"]
[PlyCount "81"]
[EventDate "2011.07.25"]
[EventType "swiss"]
[EventRounds "11"]
[EventCountry "ENG"]
[SourceTitle "EXT 2012"]
[Source "ChessBase"]
[SourceDate "2011.11.24"]
[SourceVersion "1"]
[SourceVersionDate "2011.11.24"]
[SourceQuality "1"]

1. e4 e6 2. d4 d5 3. Nd2 Be7 4. Bd3 c5 5. dxc5 Nf6 6. Qe2 0-0 7. Ngf3 a5 8. 0-0 Na6 9. e5 Nd7 10. c3 Naxc5 11. Bc2 b6 12. Re1 f6 13. Nb3 fxe5 14. Nxe5 Nxe5 15. Qxe5 Bf6 16. Qh5 g6 17. Qe2 Qd6 18. Be3 e5 19. Rad1 Ba6 20. Qg4 Bg7 21. Bg5 Rae8 22. Qh4 Rf7 23. Nd4 Ref8 24. Nf3 Qc7 25. b4 axb4 26. cxb4 Nd3 27. Bxd3 Bxd3 28. Rxd3 e4 29. Rxd5 exf3 30. g3 Qc2 31. Rd2 Qc3 32. Qe4 Kh8 33. Red1 Qa3 34. Be3 b5 35. Bd4 Qa4 36. Be5 Kg8 37. Bxg7 Kxg7 38. Qe5+ Kg8 39. Qe4 Qa3 40. Rc2 Qa4 41. Rcd2 1/2-1/2

[Event "Gatwick e2e4 op-A"]
[Site "Gatwick"]
[Date "2011.06.17"]
[Round "1"]
[White "Psaila, Clarence"]
[Black "Cumbers, Paul"]
[Result "1-0"]
[WhiteElo "1920"]
[BlackElo "2214"]
[PlyCount "89"]
[EventDate "2011.06.17"]
[EventType "swiss"]
[EventRounds "5"]
[EventCountry "ENG"]
[SourceTitle "CBM 143 Extra"]
[Source "ChessBase"]
[SourceDate "2011.08.29"]
[SourceVersion "1"]
[SourceVersionDate "2011.08.29"]
[SourceQuality "1"]

1. e4 e6 2. d4 d5 3. e5 c5 4. c3 Nc6 5. Nf3 Qb6 6. Be2 Nh6 7. Bxh6 gxh6 8. Qd2 Bd7 9. 0-0 Bg7 10. Na3 cxd4 11. cxd4 0-0 12. Nc2 f6 13. exf6 Rxf6 14. b4 Be8 15. b5 Nd8 16. Ne5 Nf7 17. Nxf7 Rxf7 18. a4 Rc8 19. Bd3 Rfc7 20. a5 Qd6 21. Rfc1 Rc3 22. a6 b6 23. Rab1 Qc7 24. Qe3 Bf7 25. g3 Kh8 26. Rd1 Bg6 27. Ne1 Be4 28. h4 Qf7 29. Ng2 R8c4 30. Qf4 Qxf4 31. Nxf4 Bxd3 32. Rxd3 Rxd3 33. Nxd3 Rxd4 34. Nb4 Rxb4 35. Rxb4 e5 36. Kf1 Kg8 37. Rb1 e4 38. Rc1 Be5 39. Rc8+ Kf7 40. Ra8 d4 41. Rxa7+ Ke6 42. Re7+ Kxe7 43. a7 e3 44. fxe3 Bxg3 45. exd4 1-0

[Event "BCF-chT1d 1011 (4NCL) Demotion pool"]
[Site "England"]
[Date "2011.05.02"]
[Round "11.17"]
[White "Roberson, Peter T"]
[Black "Cumbers, Paul"]
[Result "0-1"]
[WhiteElo "2291"]
[BlackElo "2214"]
[PlyCount "144"]
[EventDate "2010.11.06"]
[EventType "team-tourn"]
[EventRounds "4"]
[EventCountry "ENG"]
[SourceTitle "EXT 2012"]
[Source "ChessBase"]
[SourceDate "2011.11.24"]
[SourceVersion "1"]
[SourceVersionDate "2011.11.24"]
[SourceQuality "1"]
[WhiteTeam "Sambuca Sharks"]
[BlackTeam "Pandoras Box"]
[WhiteTeamCountry "ENG"]
[BlackTeamCountry "ENG"]

1. b3 e5 2. Bb2 Nc6 3. e3 Nf6 4. Nf3 e4 5. Nd4 Nxd4 6. Bxd4 b6 7. Be2 Bb7 8. c4 Be7 9. 0-0 0-0 10. d3 d5 11. dxe4 dxe4 12. Qc2 c5 13. Bc3 Qd7 14. Nd2 Qe6 15. Qb2 Ne8 16. Kh1 f5 17. f4 exf3 18. Bxf3 Bxf3 19. gxf3 Bf6 20. Rae1 Bxc3 21. Qxc3 Nf6 22. Rg1 Rf7 23. Rg2 Rd8 24. Nf1 Rfd7 25. Qc2 Rd3 26. Ng3 f4 27. Nf1 fxe3 28. Rge2 Qh3 29. Nxe3 Qxf3+ 30. Ng2 Ng4 31. Kg1 Rf8 32. Re8 Rxe8 33. Rxe8+ Kf7 34. Re1 Nf6 35. Rf1 Qe4 36. Rf4 Qg6 37. Qe2 Rd7 38. h3 Re7 39. Qf3 Qg5 40. Rf5 Qc1+ 41. Kh2 Qc2 42. Kg3 Qe4 43. Qxe4 Rxe4 44. Kf3 Rd4 45. Ke3 g6 46. Rf2 g5 47. Rd2 Rxd2 48. Kxd2 Ke6 49. Ke3 Ke5 50. Ne1 g4 51. hxg4 Nxg4+ 52. Kf3 h5 53. Nc2 Nh6 54. Ne3 Nf5 55. Nd5 Nd4+ 56. Kg3 b5 57. Nc3 bxc4 58. bxc4 Nc6 59. Nb5 Ke4 60. Kh4 Kd3 61. Nd6 Ne5 62. Kxh5 Nxc4 63. Nb7 Kd4 64. Kg4 Ne5+ 65. Kg3 c4 66. Kf2 Nd3+ 67. Ke2 Nc1+ 68. Kd2 Nxa2 69. Nd6 c3+ 70. Kc2 Nb4+ 71. Kb3 c2 72. Kb2 Kd3 0-1

[Event "BCF-chT1d 1011 (4NCL) Demotion pool"]
[Site "England"]
[Date "2011.03.27"]
[Round "8.18"]
[White "Cumbers, Paul"]
[Black "Alfred, Nathan"]
[Result "0-1"]
[WhiteElo "2214"]
[BlackElo "2277"]
[PlyCount "102"]
[EventDate "2010.11.06"]
[EventType "team-tourn"]
[EventRounds "4"]
[EventCountry "ENG"]
[SourceTitle "EXT 2012"]
[Source "ChessBase"]
[SourceDate "2011.11.24"]
[SourceVersion "1"]
[SourceVersionDate "2011.11.24"]
[SourceQuality "1"]
[WhiteTeam "Pandoras Box"]
[BlackTeam "Cambridge"]
[WhiteTeamCountry "ENG"]
[BlackTeamCountry "ENG"]

1. d4 Nf6 2. c4 g6 3. Nc3 Bg7 4. e4 d6 5. Nf3 0-0 6. Be2 e5 7. 0-0 Nc6 8. d5 Ne7 9. b4 Nh5 10. Re1 a5 11. bxa5 Rxa5 12. Nd2 Nf4 13. Bf1 c5 14. a4 h6 15. h4 f5 16. g3 Nh5 17. exf5 Nxf5 18. Nde4 Nd4 19. Bg2 Bf5 20. Rf1 Qd7 21. Kh2 Nf6 22. Nxf6+ Rxf6 23. Ne4 Rf8 24. Bd2 Ra6 25. a5 b6 26. Qa4 Qe7 27. Ra3 bxa5 28. Qd1 Rfa8 29. Ra4 Bd7 30. Ra3 a4 31. Nc3 Rb8 32. Be4 Qe8 33. f3 Rb3 34. Qa1 g5 35. hxg5 Qh5+ 36. Kg1 Qh3 37. Be1 hxg5 38. Ra2 Qh5 39. Rh2 Qf7 40. Bd2 Bf5 41. g4 Bxe4 42. fxe4 Qg6 43. Rff2 a3 44. Rh5 Rxc3 45. Bxc3 Qxe4 46. Qd1 Rb6 47. Bd2 a2 48. Bb4 Rxb4 49. Rxa2 Rb1 50. Ra8+ Kf7 51. Ra7+ Kg6 0-1

[Event "GBR-ch 97th"]
[Site "Canterbury"]
[Date "2010.08.06"]
[Round "11"]
[White "Cumbers, Paul"]
[Black "Grant, David J"]
[Result "1-0"]
[WhiteElo "2218"]
[BlackElo "2082"]
[PlyCount "35"]
[EventDate "2010.07.26"]
[EventType "swiss"]
[EventRounds "11"]
[EventCountry "ENG"]
[SourceTitle "CBM 137 Extra"]
[Source "ChessBase"]
[SourceDate "2010.09.01"]
[SourceVersion "1"]
[SourceVersionDate "2010.09.01"]
[SourceQuality "1"]

1. Nf3 c5 2. b3 d5 3. c4 g6 4. cxd5 Bg7 5. Nc3 Nf6 6. Ba3 Nxd5 7. Nxd5 Qxd5 8. Rc1 b6 9. d4 c4 10. Rxc4 Ba6 11. Rc3 Nc6 12. e3 Qa5 13. Qc1 Bb7 14. Be2 e5 15. 0-0 Qd5 16. dxe5 Nxe5 17. Rd1 Qe6 18. Bb5+ 1-0

[Event "GBR-ch 97th"]
[Site "Canterbury"]
[Date "2010.08.03"]
[Round "8"]
[White "Jackson, James P"]
[Black "Cumbers, Paul"]
[Result "1/2-1/2"]
[WhiteElo "2135"]
[BlackElo "2218"]
[PlyCount "100"]
[EventDate "2010.07.26"]
[EventType "swiss"]
[EventRounds "11"]
[EventCountry "ENG"]
[SourceTitle "CBM 137 Extra"]
[Source "ChessBase"]
[SourceDate "2010.09.01"]
[SourceVersion "1"]
[SourceVersionDate "2010.09.01"]
[SourceQuality "1"]

1. e4 e6 2. d4 d5 3. e5 c5 4. c3 Nc6 5. Nf3 Qb6 6. a3 Nh6 7. b4 cxd4 8. cxd4 Nf5 9. Be3 f6 10. exf6 gxf6 11. Bd3 Nxe3 12. fxe3 Bd7 13. 0-0 0-0-0 14. Nc3 Ne7 15. Kh1 Kb8 16. Na4 Bxa4 17. Qxa4 Bg7 18. Rfe1 h5 19. Rac1 h4 20. h3 e5 21. dxe5 fxe5 22. e4 Qg6 23. Qc2 Rc8 24. Qe2 Rxc1 25. Rxc1 d4 26. Qe1 Qf6 27. b5 Ng6 28. a4 Nf4 29. Bf1 Nxh3 30. b6 axb6 31. a5 b5 32. a6 bxa6 33. Bxb5 Rc8 34. Rxc8+ Kxc8 35. Bxa6+ Qxa6 36. gxh3 Qa3 37. Kg2 Qb2+ 38. Kf1 Qb3 39. Qc1+ Kd7 40. Ke2 Bf6 41. Qd2 Kd6 42. Qd3 Qa2+ 43. Qd2 Qc4+ 44. Qd3 Qa2+ 45. Qd2 Qe6 46. Qb4+ Kd7 47. Qa3 Ke8 48. Ne1 Be7 49. Qf3 Qa2+ 50. Kf1 Qf7 1/2-1/2

[Event "BCF-chT1d 0910 (4NCL) Demotion pool"]
[Site "England"]
[Date "2010.05.02"]
[Round "10.4"]
[White "Rogers, Jonathan"]
[Black "Cumbers, Paul"]
[Result "1-0"]
[WhiteElo "2329"]
[BlackElo "2218"]
[PlyCount "55"]
[EventDate "2009.10.24"]
[EventType "team-tourn"]
[EventRounds "4"]
[EventCountry "ENG"]
[SourceTitle "EXT 2011"]
[Source "ChessBase"]
[SourceDate "2010.11.26"]
[SourceVersion "1"]
[SourceVersionDate "2010.11.26"]
[SourceQuality "1"]
[WhiteTeam "Barbican II"]
[BlackTeam "Pandoras Box"]
[WhiteTeamCountry "ENG"]
[BlackTeamCountry "ENG"]

1. Nf3 Nf6 2. d4 e6 3. c4 c5 4. g3 cxd4 5. Nxd4 a6 6. Bg2 Qc7 7. 0-0 Qxc4 8. Nc3 Qc7 9. Bg5 Nc6 10. Bxf6 gxf6 11. Rc1 Be7 12. e4 Qb6 13. Nf5 exf5 14. Nd5 Qd8 15. exf5 0-0 16. Qh5 Kh8 17. Rfe1 Ne5 18. f4 d6 19. Rc7 Bd7 20. fxe5 dxe5 21. Rxe5 Re8 22. Re4 Bc6 23. Rcxe7 Rxe7 24. Nxf6 Qd1+ 25. Qxd1 Bxe4 26. Qh5 Kg7 27. Qg5+ Kh8 28. Bxe4 1-0

[Event "BCF-chT1b 0910 (4NCL)"]
[Site "England"]
[Date "2010.02.21"]
[Round "6.6"]
[White "Byway, Paul V"]
[Black "Cumbers, Paul"]
[Result "0-1"]
[WhiteElo "2158"]
[BlackElo "2218"]
[PlyCount "54"]
[EventDate "2009.10.24"]
[EventType "team-tourn"]
[EventRounds "7"]
[EventCountry "ENG"]
[SourceTitle "EXT 2011"]
[Source "ChessBase"]
[SourceDate "2010.11.26"]
[SourceVersion "1"]
[SourceVersionDate "2010.11.26"]
[SourceQuality "1"]
[WhiteTeam "Poisoned Pawns"]
[BlackTeam "Pandoras Box"]
[WhiteTeamCountry "ENG"]
[BlackTeamCountry "ENG"]

1. Nf3 Nf6 2. c4 c5 3. g3 d5 4. cxd5 Nxd5 5. Bg2 Nc6 6. d4 Nf6 7. Be3 e5 8. Nxe5 Nxe5 9. dxe5 Qxd1+ 10. Kxd1 Ng4 11. Nc3 Bd7 12. Bxb7 Rb8 13. Bd5 Nxe3+ 14. fxe3 Rxb2 15. Bb3 c4 16. Bxc4 Bb4 17. Rc1 0-0 18. Rc2 Bxc3 19. Rxc3 Rb1+ 20. Rc1 Rxc1+ 21. Kxc1 Rc8 22. Kd2 Rxc4 23. Rb1 Rc7 24. Rb8+ Bc8 25. Kd3 Kf8 26. Kd4 Ke7 27. Rb2 Ke6 0-1